000 00716nam a2200241 a 4500
001 BRCA_7777
005 20190320210004.0
008 300913s1960----u--ab##f##---#001-0#eng-#
041 _aeng
044 _au
050 4 _aF1435
_b.T46 1960
100 1 _aThompson, J. Eric S.
_919257
245 1 0 _aMaya hieroglyphic writing
_ban introduction
_cJ. Eric S. Thompson.
250 _a2
260 _aNorman, Oklahoma
_bUniversity of Oklahoma
_cc1960
300 _axxii, 347 p.
_bil., 64 láminas, mapas, tablas
_c30 cm.
440 0 _aCivilization of the American Indian series
_v56
_919258
500 _aX18
650 1 4 _aPictografĂ­a maya
_98078
650 1 4 _aCalendario maya
_98075
902 _aGFM
942 _2lcc
_cB
999 _c7451
_d7451